000 00295cam a22001097a 4500
008 180718b1995 xxu||||| |||| 00| 0 eng d
100 _aKapoor, B.B.S.
245 _aParyaverniye gyankoush
_cby B.B.S.Kapoor
260 _aRajasthan
_bMadhu Publication
_c1995
300 _a136p.
650 _aGyankoush
999 _c439417
_d439417